| 000 | 01056nas a2200301 4500 | ||
|---|---|---|---|
| 001 | BR8102393 | ||
| 003 | BR-BrBNA | ||
| 005 | 20231205084656.0 | ||
| 007 | ta | ||
| 008 | 230509b bl.|||p| |||| 00| 00por d | ||
| 040 |
_aBR-BrBNA _bpor _cBiblioteca Nacional de Agricultura |
||
| 041 | _a(Pt) | ||
| 072 | _aL72 | ||
| 100 | 1 | _aMacruz, R. | |
| 100 | 1 | _aGiorgi, W. | |
| 100 | 1 | _aSantos, M.R.S. dos | |
| 245 | 1 | _aHabronemose gastrica em equinos: exames bacteriologicos e histopatologicos dos nodulos [Verminose; Analise bacteriologica; Sao Paulo; Brasil] | |
| 246 | 1 | _aGastric habronemosis in equine: bacteriological and histopatological examination of nodules [Verminose; Bacteriological analysis; Sao Paulo; Brazil] | |
| 650 | _aPraga de animal | ||
| 650 | _aEquino | ||
| 650 | _aHabronemose | ||
| 650 | _aVerminose | ||
| 650 | _aAnalise bacteriologica | ||
| 650 | _aSao Paulo | ||
| 773 | 0 |
_tBiologico (Brazil) _xISSN 0366-0567 _g(Mar 1981), v. 47(3) p. 89-95 _wBR8102393 |
|
| 909 |
_a202311 _bLúcia _c55 _dLúcia Elande |
||
| 942 |
_2AGRIS _n0 _cANA |
||
| 999 |
_c106606 _d106606 |
||